<?xml version="1.0" encoding="UTF-8"?>
<record
    xmlns:xsi="http://www.w3.org/2001/XMLSchema-instance"
    xsi:schemaLocation="http://www.loc.gov/MARC21/slim http://www.loc.gov/standards/marcxml/schema/MARC21slim.xsd"
    xmlns="http://www.loc.gov/MARC21/slim">

  <leader>01306dam a2200241 a 4500</leader>
  <controlfield tag="005">20240412121051.0</controlfield>
  <controlfield tag="008">100825t2003||||cr  f   s  sp spa d</controlfield>
  <datafield tag="020" ind1=" " ind2=" ">
    <subfield code="a">9968917087</subfield>
  </datafield>
  <datafield tag="041" ind1=" " ind2=" ">
    <subfield code="a">spa</subfield>
  </datafield>
  <datafield tag="092" ind1=" " ind2=" ">
    <subfield code="c">346.0134</subfield>
    <subfield code="l">10</subfield>
    <subfield code="s">CAM</subfield>
  </datafield>
  <datafield tag="100" ind1="1" ind2=" ">
    <subfield code="a">Camacho, Rosalia</subfield>
    <subfield code="9">3064</subfield>
  </datafield>
  <datafield tag="245" ind1=" " ind2=" ">
    <subfield code="a">Acerc&#xE1;ndonos a los instrumentos internacionales de protecci&#xF3;n de los derechos humanos de las mujeres /</subfield>
    <subfield code="c">Rosalia Camacho</subfield>
  </datafield>
  <datafield tag="250" ind1=" " ind2=" ">
    <subfield code="a">1a ed. </subfield>
  </datafield>
  <datafield tag="260" ind1=" " ind2=" ">
    <subfield code="a">San Jos&#xE9; [C.R]: </subfield>
    <subfield code="b">Instituto Interamericano de Derechos Humanos;</subfield>
    <subfield code="c">2003.</subfield>
  </datafield>
  <datafield tag="300" ind1=" " ind2=" ">
    <subfield code="a">102 p.</subfield>
    <subfield code="c">23x16 cm</subfield>
  </datafield>
  <datafield tag="500" ind1=" " ind2=" ">
    <subfield code="a">Camacho, R. (2003). Acerc&#xE1;ndonos a los instrumentos internacionales de protecci&#xF3;n de los derechos humanos de las mujeres. (1a ed.). Costa Rica : Instituto Interamericano de Derechos Humanos.</subfield>
  </datafield>
  <datafield tag="653" ind1=" " ind2=" ">
    <subfield code="a">Derechos de la mujer</subfield>
  </datafield>
  <datafield tag="653" ind1=" " ind2=" ">
    <subfield code="a">Derechos humanos</subfield>
  </datafield>
  <datafield tag="653" ind1=" " ind2=" ">
    <subfield code="a">Convenci&#xF3;n para prevenir, sancionar y erradicar la violencia contra la mujer</subfield>
  </datafield>
  <datafield tag="653" ind1=" " ind2=" ">
    <subfield code="a">Anexo: Ratificaciones a la convenci&#xF3;n sobre la eliminaci&#xF3;n de todas las formas de discriminaci&#xF3;n contra la mujer. Ratificaciones a la convenci&#xF3;n para prevenir, sancionar y erradicar la violencia contra la mujer. Esquemas de los procedimietnos del protocolo facultatico CEDAW</subfield>
  </datafield>
  <datafield tag="653" ind1=" " ind2=" ">
    <subfield code="a">Material de apoyo: Texto de los tres instrumentos internacionales</subfield>
  </datafield>
  <datafield tag="942" ind1=" " ind2=" ">
    <subfield code="2">ddc</subfield>
    <subfield code="c">BK</subfield>
  </datafield>
  <datafield tag="999" ind1=" " ind2=" ">
    <subfield code="c">2256</subfield>
    <subfield code="d">2256</subfield>
  </datafield>
  <datafield tag="952" ind1=" " ind2=" ">
    <subfield code="0">0</subfield>
    <subfield code="1">0</subfield>
    <subfield code="2">ddc</subfield>
    <subfield code="4">0</subfield>
    <subfield code="7">0</subfield>
    <subfield code="a">BFM</subfield>
    <subfield code="b">BFM</subfield>
    <subfield code="c">CR</subfield>
    <subfield code="d">2016-05-06</subfield>
    <subfield code="e">Donaci&#xF3;n Dra. Ambort, Cristina. Mayo 2016</subfield>
    <subfield code="l">0</subfield>
    <subfield code="o">346.0134 10 CAM</subfield>
    <subfield code="p">3585</subfield>
    <subfield code="r">2016-05-06</subfield>
    <subfield code="t">Ej.1</subfield>
    <subfield code="w">2016-05-06</subfield>
    <subfield code="y">BK</subfield>
    <subfield code="z">Donaci&#xF3;n Dra. Ambort, Cristina. Mayo 2016</subfield>
  </datafield>
</record>
